000 00748nam a22002537a 4500
003 URS
005 20250602192144.0
008 250602b |||||||| |||| 00| 0 eng d
020 _a978-971-27-3694-0
040 _erda
_cURS
_bEnglish
050 0 0 _aDS653.7
_b.J574 2021
100 _aJoaquin, Nick,
_eauthor.
_96210
245 1 0 _aA Question of Heroes /
_cNick Joaquin.
250 _a2021 Edition.
264 1 _aMandaluyong City :
_bAnvil Publishing,
_c©2021.
300 _a204 pages :
_c23 cm.
336 _2rdacontent
_atext
337 _2rdamedia
_aunmediated
338 _2rdacarrier
_avolume
504 _aIncludes glossary and index
650 _aSociology -- Philippines
650 _aPhilippines -- Social Conditions
942 _2lcc
_cF
999 _c82950
_d82949